000 00809nam a2200229 u 4500
005 20240228064326.0
008 180228s2006 br r 000 0 spa d
020 _a8506046823
035 _aUPN01000223235
049 _aI
050 4 _aBJ1631
_bE5.4
100 1 _aEngel Secco, Patrícia
_932787
245 1 3 _aLa laguna encantada :
_buna historia sobre el respeto /
_cPatricia Engel Secco ; il. Edu A. Engel ; tr. Elsa Bailón.
260 _aSâo Paulo, Br. :
_bMelhoramentos,
_c2006.
300 _a[16] p. :
_bil. col.
534 _pTítulo original:
_tA lagoa encantada : una história sobre respeito
650 4 _aVALORES -
_vLITERATURA INFANTIL
_921634
650 4 _aLITERATURA INFANTIL BRASILEÑA
_911916
650 4 _aLibros y lectura para niños
_92290
905 _aInfantil
999 _c195332
_d195332